Urban politics: a sociological interpretation (Record no. 408967)

000 -LEADER
fixed length control field 00425cam a22001337a 4500
008 - FIXED-LENGTH DATA ELEMENTS--GENERAL INFORMATION
fixed length control field 180718b1971 xxu||||| |||| 00| 0 eng d
082 ## - DEWEY DECIMAL CLASSIFICATION NUMBER
Classification number F5mx42 Sa87
100 ## - MAIN ENTRY--PERSONAL NAME
Personal name Sunders, Peter
245 ## - TITLE STATEMENT
Title Urban politics: a sociological interpretation
Statement of responsibility, etc. by Peter Sunders
260 ## - PUBLICATION, DISTRIBUTION, ETC.
Place of publication, distribution, etc. London
Name of publisher, distributor, etc. Hutchinson
Date of publication, distribution, etc. 1971
300 ## - PHYSICAL DESCRIPTION
Extent 383p.
650 ## - SUBJECT ADDED ENTRY--TOPICAL TERM
Topical term or geographic name entry element Metropolitan government - United Kingdom
650 ## - SUBJECT ADDED ENTRY--TOPICAL TERM
Topical term or geographic name entry element United Kingdom - Politics and government
Holdings
Withdrawn status Lost status Damaged status Not for loan Permanent Location Current Location Date acquired Full call number Barcode Date last seen Price effective from Koha item type
        Indian Institute of Public Administration Indian Institute of Public Administration 2008-12-30 F5mx42 Sa87 DA5226 2018-07-21 2018-07-21 DA

Powered by Koha